00403nam a2200157Ia 4500008004100000020001500041082001300056100001800069245005200087250000800139260002900147300001100176500002500187650001500212700001800227230524s9999 xx 000 0 und d a8177588834 a612bCAR aJoseph J.Carr 0aIntroduction to Biomedical Equipment Technology a4TH aNEW DELHIbPearsonc2005 aXV;749 aQuantity Number: 24 aBiomedical a John M.Brown